[Event "McNallian Offence"]
[Site "SchemingMind.com"]
[Date "2005.11.17"]
[Round "-"]
[White "KaliYuga"]
[Black "Scramble Suit"]
[Result "1-0"]
[WhiteCountry "IRL"]
[BlackCountry "IRL"]
[WhiteElo "1901"]
[WhiteRD "85"]
[BlackElo "1565"]
[BlackRD "94"]
[GameID "30549"]

1. d4 d5 2. Nf3 Nc6 3. c4 e6 4. Nc3 Nf6 5. Bg5 b6 6. cxd5 exd5 7. e3 Ne7 8. Bb5+ Bd7 9. Bxf6 gxf6 10. Qb3 c5
11. dxc5 Nc6 12. cxb6 Qxb6 13. Nxd5 Na5 14. Bxd7+ Kd8 15. Nxb6 Nxb3 16. Rd1 Bb4+ 17. Ke2 Nc1+ 18. Rxc1 axb6 19. Rhd1 Ke7 20. Bf5 Rxa2
21. Rd7+ Kf8 22. Rc2 Ra5 23. Nh4 Rc5 24. Rxc5 Bxc5 25. Rb7 Kg7 26. Be6 Kh6 27. Nf5+ Kh5 28. Bxf7+ Kg5 29. Be6 h5 30. Rg7#
1-0

[Event "McNallian Offence"]
[Site "SchemingMind.com"]
[Date "2005.11.18"]
[Round "-"]
[White "Scramble Suit"]
[Black "KaliYuga"]
[Result "0-1"]
[WhiteCountry "IRL"]
[BlackCountry "IRL"]
[WhiteElo "1565"]
[WhiteRD "94"]
[BlackElo "1901"]
[BlackRD "85"]
[GameID "30550"]

1. e4 c5 2. d4 cxd4 3. c3 Nf6 4. Bd3 Nc6 5. Ne2 e5 6. O-O dxc3 7. Nbxc3 Bc5 8. Nd5 h6 9. Be3 d6 10. Nxf6+ Qxf6
11. Bxc5 dxc5 12. Rc1 b6 13. Ng3 O-O 14. Nf5 Rd8 15. Qf3 Bxf5 16. exf5 Nd4 17. Qg4 Nc6 18. Be4 Rd2 19. Rc2 Rad8 20. f4 exf4
21. Rxd2 Rxd2 22. Qxf4 Qd4+ 23. Qf2 Rxf2 24. Rxf2 Qxe4 25. h3 Nd4
0-1

[Event "McNallian Offence"]
[Site "SchemingMind.com"]
[Date "2005.11.18"]
[Round "-"]
[White "simon_w"]
[Black "KaliYuga"]
[Result "0-1"]
[WhiteCountry "IRL"]
[BlackCountry "IRL"]
[WhiteElo "1585"]
[WhiteRD "105"]
[BlackElo "1862"]
[BlackRD "92"]
[GameID "30634"]

1. e4 c5 2. Nc3 d6 3. Nf3 Nf6 4. Bc4 Nc6 5. d3 g6 6. Bg5 Bg7 7. a3 a6 8. h3 b5 9. Bd5 Nxd5 10. exd5 Nd4
11. Nxd4 cxd4 12. Ne4 Bb7 13. Qe2 O-O 14. Nxd6 f6 15. Nxb7 Qc7 16. Bd2 Qxb7 17. O-O Qxd5 18. Qxe7 Rfe8 19. Qb4 Re2 20. Rae1 a5
21. Qxa5 Rxa5 22. Bxa5 Rxc2 23. Re8+ Kf7 24. Rfe1 Bf8 25. Bb4 Bxb4 26. axb4 Qd6 27. g3 Qxb4 28. Kf1 Rc1 29. Rxc1 Kxe8 30. h4 Qxb2
31. Rc8+ Kd7 32. Rh8 Qb1+ 33. Kg2 Qxd3 34. Rxh7+ Ke6 35. Rh6 Qe4+ 36. Kf1 d3
0-1

[Event "McNallian Offence"]
[Site "SchemingMind.com"]
[Date "2005.11.18"]
[Round "-"]
[White "simon_w"]
[Black "Scramble Suit"]
[Result "1-0"]
[WhiteCountry "IRL"]
[BlackCountry "IRL"]
[WhiteElo "1601"]
[WhiteRD "96"]
[BlackElo "1565"]
[BlackRD "94"]
[GameID "30635"]

1. e4 e5 2. Nf3 Nc6 3. Nc3 Nf6 4. Bc4 Be7 5. d3 h6 6. Be3 d6 7. d4 exd4 8. Bxd4 Nxd4 9. Nxd4 Ng4 10. Be6 Nxf2
11. Kxf2 c5 12. Bxc8 Rxc8 13. Nf5 g6 14. Nxe7 Qxe7 15. Rf1 Qh4+ 16. Kg1 O-O 17. Qxd6 Rc6 18. Qd5 Rf6 19. g3 Rxf1+ 20. Rxf1 Qg5
21. Qxb7 Qe3+ 22. Kg2 f5 23. exf5 gxf5 24. Qd5+ Kg7 25. Rxf5 Rxf5 26. Qxf5 c4 27. Qg4+ Kf6 28. Nd5+
1-0

[Event "McNallian Offence"]
[Site "SchemingMind.com"]
[Date "2005.11.18"]
[Round "-"]
[White "KaliYuga"]
[Black "simon_w"]
[Result "0-1"]
[WhiteCountry "IRL"]
[BlackCountry "IRL"]
[WhiteElo "1862"]
[WhiteRD "92"]
[BlackElo "1585"]
[BlackRD "105"]
[GameID "30636"]

1. d4 d5 2. Nf3 Nf6 3. c4 c6 4. Nc3 Bf5 5. Bg5 e6 6. Ne5 Nbd7 7. f4 dxc4 8. a4 Qb6 9. Qd2 Bb4 10. e3 Ne4
11. Qc1 Nxe5 12. fxe5 Nxg5 13. Bxc4 Ne4 14. O-O Bxc3 15. bxc3 Qd8 16. Rb1 Qg5 17. Rxb7 O-O 18. Qb2 Qxe3+ 19. Kh1 Nxc3 20. Qf2 Qxf2
21. Rxf2 Nxa4 22. Rc7 Rfc8 23. Rxc8+ Rxc8 24. Ra2 Rb8 25. h3 Rb4 26. Be2 Rxd4 27. Bf3 Be4 28. Bxe4 Rxe4 29. Rd2 g6 30. Rd8+ Kg7
31. Ra8 Rxe5 32. Rxa7 Nc3 33. Rc7 c5 34. Kg1 h5
0-1

[Event "McNallian Offence"]
[Site "SchemingMind.com"]
[Date "2005.11.18"]
[Round "-"]
[White "Scramble Suit"]
[Black "simon_w"]
[Result "1-0"]
[WhiteCountry "IRL"]
[BlackCountry "IRL"]
[WhiteElo "1565"]
[WhiteRD "94"]
[BlackElo "1601"]
[BlackRD "96"]
[GameID "30637"]

1. e4 e5 2. Nc3 Nc6 3. Bc4 Bc5 4. d3 Nf6 5. Bg5 d6 6. Qf3 Nd4 7. Qg3 Nxc2+ 8. Kd1 Nxa1 9. Nd5 c6 10. Bxf6 gxf6
11. Qg7 Rf8 12. Nxf6+ Ke7 13. Ng8+ Ke8 14. Nf6+ Ke7 15. Nxh7 Bg4+ 16. Qxg4 Rg8 17. Qf5 Qd7 18. Qxf7+ Kd8 19. Qxg8+ Qe8 20. Nf8 Kc7
21. Ne6+ Kb6 22. Qg7 Rc8 23. Nxc5 Kxc5 24. Qxb7 Ra8 25. b4+
1-0

[Event "McNallian Offence"]
[Site "SchemingMind.com"]
[Date "2005.11.18"]
[Round "-"]
[White "niallmcg"]
[Black "KaliYuga"]
[Result "0-1"]
[WhiteCountry "IRL"]
[BlackCountry "IRL"]
[WhiteElo "1245"]
[WhiteRD "125"]
[BlackElo "1862"]
[BlackRD "92"]
[GameID "30638"]

1. Nf3 d5 2. Nc3 Nf6 3. e3 a6 4. b3 g6 5. g3 Bg7 6. h4 Bg4 7. a4 O-O 8. d4 Nbd7 9. Ba3 Re8 10. Bd3 e5
11. O-O e4 12. Bxe4 Nxe4 13. Qd3 Bxf3 14. Nxd5 g5 15. c4 gxh4 16. gxh4 Qxh4
0-1

[Event "McNallian Offence"]
[Site "SchemingMind.com"]
[Date "2005.11.18"]
[Round "-"]
[White "niallmcg"]
[Black "simon_w"]
[Result "0-1"]
[WhiteCountry "IRL"]
[BlackCountry "IRL"]
[WhiteElo "1164"]
[WhiteRD "111"]
[BlackElo "1601"]
[BlackRD "96"]
[GameID "30640"]

1. Nf3 d5 2. Nc3 Nf6 3. e3 Bf5 4. h3 e6 5. b3 Nc6 6. Na4 Nb4 7. Bb2 Nxc2+ 8. Ke2 Nxa1 9. Qxa1 Rg8 10. b4 Bxb4
11. Nc3 Qd7 12. g4 Be4 13. Bg2 O-O-O 14. a3 Bxc3 15. Bxc3 Bxf3+ 16. Bxf3 Ne4 17. d3 Qb5 18. Rd1 Rd6 19. a4 Nxc3+ 20. Qxc3 Qxa4
21. Ra1 Qc6 22. Qb2 Qb6 23. Qa3 d4 24. h4 Qa6 25. Qb2 Qb6 26. Rb1 Qxb2+ 27. Rxb2 Rb6 28. Rd2 dxe3 29. fxe3 a5 30. e4 e5
31. g5 a4 32. Ra2 Ra6 33. Bg2 a3 34. Bh3+ Kb8 35. Rc2 a2 36. Rxa2 Rxa2+ 37. Ke3 b5 38. Bf1 b4 39. Be2 b3 40. Bd1 b2
41. Bc2 Ka7 42. Kf3 Rb8
0-1

[Event "McNallian Offence"]
[Site "SchemingMind.com"]
[Date "2005.11.18"]
[Round "-"]
[White "KaliYuga"]
[Black "niallmcg"]
[Result "1-0"]
[WhiteCountry "IRL"]
[BlackCountry "IRL"]
[WhiteElo "1862"]
[WhiteRD "92"]
[BlackElo "1245"]
[BlackRD "125"]
[GameID "30641"]

1. e4 h6 2. d4 e6 3. Nf3 c6 4. c4 Nf6 5. Bd3 a6 6. b3 g5 7. O-O g4 8. Ne5 h5 9. Nc3 Bb4 10. Bg5 Bxc3
11. Rc1 Bxd4 12. Bf4 d6 13. Bb1 Qa5 14. Qxd4 d5 15. Nxf7 Kxf7 16. Bg5 Qd8 17. e5 Nbd7 18. exf6 Nxf6 19. f3 Kf8 20. fxg4 hxg4
21. Bxf6 Qd6 22. Be5+
1-0

[Event "McNallian Offence"]
[Site "SchemingMind.com"]
[Date "2005.11.18"]
[Round "-"]
[White "Scramble Suit"]
[Black "niallmcg"]
[Result "1-0"]
[WhiteCountry "IRL"]
[BlackCountry "IRL"]
[WhiteElo "1565"]
[WhiteRD "94"]
[BlackElo "1164"]
[BlackRD "111"]
[GameID "30642"]

1. d4 h6 2. e4 c6 3. e5 f6 4. Nf3 b5 5. Be3 e6 6. Bd3 Na6 7. Nbd2 Bb7 8. O-O b4 9. a3 Qa5 10. axb4 Qxb4
11. exf6 Nxf6 12. Bg6+ Kd8 13. Ne5 Qa5 14. Rxa5 Nb8 15. Nf7+ Kc8 16. Nxh8 a6 17. c4 Ng8 18. d5 cxd5 19. cxd5 exd5 20. Nf7 Ne7
21. Qb3 Nbc6 22. Nd6+ Kc7 23. Bf4 Nxa5 24. Nxb7+ Kc8 25. Nxa5 Nxg6 26. Qb7+ Kd8 27. Qxa8+
1-0

[Event "McNallian Offence"]
[Site "SchemingMind.com"]
[Date "2005.11.18"]
[Round "-"]
[White "simon_w"]
[Black "niallmcg"]
[Result "1-0"]
[WhiteCountry "IRL"]
[BlackCountry "IRL"]
[WhiteElo "1585"]
[WhiteRD "105"]
[BlackElo "1245"]
[BlackRD "125"]
[GameID "30643"]

1. e4 h6 2. Nf3 e6 3. d4 Nf6 4. Nc3 Be7 5. Bf4 h5 6. Nb5 c6 7. Nc7+ Kf8 8. Nxa8 Nxe4 9. Bxb8 Bb4+ 10. c3 Ba5
11. Bd3 Nf6 12. b4 Bb6 13. Nxb6 Qxb6 14. O-O Ke7 15. Be5 Ne8 16. Ng5 f6 17. Bxf6+ gxf6 18. Ne4 f5 19. Ng5 a5 20. Qe1 Kd8
21. Nf7+ Kc7 22. Qe5+ d6 23. Qxh8 Kd7 24. Qxh5 d5 25. Rae1 Nf6 26. Ne5+ Kc7 27. Qf7+ Nd7 28. Nxd7 Bxd7 29. Rxe6 Qa7 30. Rfe1 f4
31. Bf5 b6 32. Re8
1-0

[Event "McNallian Offence"]
[Site "SchemingMind.com"]
[Date "2005.11.23"]
[Round "-"]
[White "Quebec Libre"]
[Black "KaliYuga"]
[Result "1/2-1/2"]
[WhiteCountry "IRL"]
[BlackCountry "IRL"]
[WhiteElo "1266"]
[WhiteRD "101"]
[BlackElo "1901"]
[BlackRD "85"]
[GameID "30644"]

1. e4 e5 2. Nf3 Nc6 3. Nc3 Nf6 4. Bc4 a6 5. O-O Bc5 6. d3 b5 7. Bd5 Nxd5 8. Nxd5 O-O 9. b4 Nxb4 10. Ba3 a5
11. c3 Nxd5 12. Bxc5 Nxc3 13. Qc2 Na4 14. Bxf8 Qxf8 15. Qxc7 d6 16. Rab1 Ba6 17. Qxa5 Nc5 18. Rfd1 g6 19. Ng5 b4 20. Rxb4 Bxd3
21. Qb6 Rxa2 22. g3 h6 23. Nxf7 Qxf7 24. Rb2 Rxb2 25. Qxb2 Nxe4 26. Rxd3 Kh7 27. Kg2 d5 28. Rf3 Qe7 29. Rb3 Nd6 30. Rb6 Qd7
31. Qb4 Nf7 32. Rb7 Qf5 33. Kg1 Kg7 34. Rb8 Kf6 35. Rb6+ Kg7 36. Qe7 Qg5 37. Qe6 d4 38. Rb7 Qf5 39. Qe8 d3 40. Rxf7+ Qxf7
41. Qxe5+ Qf6 42. Qc7+ Kf8 43. Qc8+ Ke7 44. Qb7+ Kf8 45. Qa8+ Kg7= 46. Qa7+ Kg8 47. Qe3 Qd6 48. Kf1 Kg7 49. Ke1=
1/2-1/2

[Event "McNallian Offence"]
[Site "SchemingMind.com"]
[Date "2005.12.01"]
[Round "-"]
[White "Quebec Libre"]
[Black "Scramble Suit"]
[Result "1-0"]
[WhiteCountry "IRL"]
[BlackCountry "IRL"]
[WhiteElo "1266"]
[WhiteRD "101"]
[BlackElo "1565"]
[BlackRD "94"]
[GameID "30645"]

1. e4 Nc6 2. Nf3 e5 3. Bc4 g6 4. O-O d6 5. d3 Nd4 6. Nxd4 exd4 7. Bf4 Be6 8. Na3 d5 9. exd5 Bxd5 10. Bxd5 Qxd5
11. Qe1+ Be7 12. Qe2 Nf6 13. Rae1 O-O 14. Qxe7 Nh5 15. c4 Qc6 16. Bh6 Rfe8 17. Qg5 Rxe1 18. Rxe1 Re8 19. Rxe8+ Qxe8 20. Nc2 f6
21. Qd5+ Kh8 22. h3 g5 23. Qxb7 Kg8 24. Qxa7 c5 25. Qxc5 Qe2 26. Qf8#
1-0

[Event "McNallian Offence"]
[Site "SchemingMind.com"]
[Date "2005.11.18"]
[Round "-"]
[White "KaliYuga"]
[Black "Quebec Libre"]
[Result "1-0"]
[WhiteCountry "IRL"]
[BlackCountry "IRL"]
[WhiteElo "1862"]
[WhiteRD "92"]
[BlackElo "1144"]
[BlackRD "103"]
[GameID "30648"]

1. e4 e5 2. Nf3 Nc6 3. Bb5 Nf6 4. O-O Bc5 5. d3 O-O 6. Bg5 a6 7. Bc4 Qe7 8. a3 d6 9. b4 Bb6 10. Bb3 Be6
11. c4 a5 12. Nc3 axb4 13. axb4 Nxb4 14. Qd2 Bg4 15. Nd5 Qe6 16. Qxb4 Bd4 17. Rxa8 Rxa8 18. Nxc7 Qc8 19. Nxa8 Qxa8 20. Bxf6 gxf6
21. Qxd6 Kg7 22. h3 Be6 23. Nxd4 exd4 24. Qg3+ Kh8 25. e5 f5 26. Qh4 Qa5 27. Qf6+ Kg8 28. Bd1 Qa3 29. Bh5 Qxd3 30. Ra1 Qxc4
31. Ra8+
1-0

[Event "McNallian Offence"]
[Site "SchemingMind.com"]
[Date "2005.11.18"]
[Round "-"]
[White "Scramble Suit"]
[Black "Quebec Libre"]
[Result "1-0"]
[WhiteCountry "IRL"]
[BlackCountry "IRL"]
[WhiteElo "1655"]
[WhiteRD "110"]
[BlackElo "1144"]
[BlackRD "103"]
[GameID "30649"]

1. d4 d5 2. Nf3 Nc6 3. Nc3 Nf6 4. Bg5 Qd6 5. e3 Bf5 6. Nb5 Qd8 7. Bf4 Rc8 8. Ne5 a6 9. a4 axb5 10. axb5 Nxe5
11. dxe5 Ng4 12. c4 e6 13. Qa4 Bc5 14. cxd5 exd5 15. b6+ c6 16. h3 Ra8 17. Qxa8
1-0

[Event "McNallian Offence"]
[Site "SchemingMind.com"]
[Date "2005.11.18"]
[Round "-"]
[White "niallmcg"]
[Black "Quebec Libre"]
[Result "0-1"]
[WhiteCountry "IRL"]
[BlackCountry "IRL"]
[WhiteElo "1164"]
[WhiteRD "111"]
[BlackElo "1266"]
[BlackRD "101"]
[GameID "30650"]

1. Nf3 d5 2. Nc3 Nf6 3. d4 Bf5 4. e3 e6 5. b3 Bb4 6. Bd2 O-O 7. h4 Bg4 8. Be2 Nc6 9. a3 Bxc3 10. Bxc3 Ne4
11. Bd3 Nxc3 12. Qd2 Nb5 13. a4 Nd6 14. Nh2 Bf5 15. f3 Bxd3 16. cxd3 Qxh4+ 17. Kf1 a5 18. f4 b5 19. Qf2 Qxf2+ 20. Kxf2 Nb4
21. Rhd1 c6 22. Rac1 Rac8 23. Nf1 Na2 24. Rc2 Nb4 25. Rcd2 bxa4 26. bxa4 c5 27. Rc1 cxd4 28. exd4 Nf5 29. Rdd1 Nxd4 30. g4 Rxc1
31. Rxc1 Nxd3+ 32. Ke3 Nxc1 33. Kxd4 Rc8 34. Nd2 h6 35. Ke5 Rc2 36. Nf3 Ra2 37. f5 Rxa4 38. fxe6 fxe6 39. Kxe6 Nd3 40. Kxd5 Rxg4
41. Nd2 a4 42. Kc6 a3 43. Nb3 Rg1 44. Kd6 a2 45. Kd5 a1=Q 46. Nxa1 Rxa1 47. Ke4 Nb2 48. Ke3 Nd3 49. Kxd3 g5 50. Ke3 Rf1
51. Ke2 Rf8
0-1

[Event "McNallian Offence"]
[Site "SchemingMind.com"]
[Date "2005.11.18"]
[Round "-"]
[White "simon_w"]
[Black "Quebec Libre"]
[Result "1-0"]
[WhiteCountry "IRL"]
[BlackCountry "IRL"]
[WhiteElo "1585"]
[WhiteRD "105"]
[BlackElo "1144"]
[BlackRD "103"]
[GameID "30651"]

1. e4 e5 2. Nf3 Nf6 3. Nc3 Nc6 4. Bc4 Bc5 5. d3 d6 6. Bg5 O-O 7. Qd2 Bg4 8. Rg1 Nb4 9. O-O-O Qd7 10. Bxf6 gxf6
11. Qh6 Bxf2 12. Rgf1 Bd4 13. h3 Be6 14. Qxf6 Qa4 15. Nxa4 Bxc4 16. dxc4 Be3+ 17. Kb1 Rae8 18. Rde1 Re6 19. Qh4 Bf4 20. Ng5 Rg6
21. Qxh7#
1-0

[Event "McNallian Offence"]
[Site "SchemingMind.com"]
[Date "2005.11.18"]
[Round "-"]
[White "attakmad"]
[Black "KaliYuga"]
[Result "0-1"]
[WhiteCountry "IRL"]
[BlackCountry "IRL"]
[WhiteElo "1580"]
[WhiteRD "106"]
[BlackElo "1901"]
[BlackRD "85"]
[GameID "30654"]

1. Nf3 g6 2. b3 Bg7 3. d4 Nf6 4. Bb2 O-O 5. Nc3 d5 6. e3 a6 7. Bd3 b5 8. Ne5 Nbd7 9. f4 c5 10. Ne2 c4
11. bxc4 bxc4 12. Nxc4 dxc4 13. Bxc4 Ne4 14. g4 e5 15. Bd3 Qh4+
0-1

[Event "McNallian Offence"]
[Site "SchemingMind.com"]
[Date "2005.11.18"]
[Round "-"]
[White "attakmad"]
[Black "Scramble Suit"]
[Result "1-0"]
[WhiteCountry "IRL"]
[BlackCountry "IRL"]
[WhiteElo "1596"]
[WhiteRD "93"]
[BlackElo "1522"]
[BlackRD "88"]
[GameID "30655"]

1. Nf3 d5 2. g3 Nf6 3. d4 Bf5 4. Bf4 h6 5. Ne5 g5 6. Be3 e6 7. Bg2 Nbd7 8. f4 Ng4 9. Nxg4 Bxg4 10. fxg5 Qe7
11. gxh6 Bxh6 12. Bxh6 Rxh6 13. h3 Bh5 14. Nd2 c5 15. c3 Rc8 16. Nf3 Bxf3 17. exf3 cxd4 18. Qxd4 Qc5 19. O-O-O e5 20. Qxd5 Qc6
21. Rhe1 Qxd5 22. Rxd5 Rhc6 23. f4 f6 24. fxe5 Nxe5 25. Rdxe5+ fxe5 26. Bxc6+ Rxc6 27. Rxe5+ Kd7 28. h4 Re6 29. Rxe6 Kxe6 30. Kd2 Kf5
31. Ke3 b5 32. Kf3
1-0

[Event "McNallian Offence"]
[Site "SchemingMind.com"]
[Date "2005.11.18"]
[Round "-"]
[White "attakmad"]
[Black "Quebec Libre"]
[Result "1-0"]
[WhiteCountry "IRL"]
[BlackCountry "IRL"]
[WhiteElo "1596"]
[WhiteRD "93"]
[BlackElo "1301"]
[BlackRD "97"]
[GameID "30656"]

1. Nf3 d5 2. g3 Nf6 3. Bg2 Bf5 4. d4 Nc6 5. c3 e6 6. Bg5 Be7 7. Qa4 O-O 8. Bxf6 Bxf6 9. Nbd2 a6 10. O-O b5
11. Qd1 Qd6 12. Re1 Rae8 13. b4 a5 14. a3 Ra8 15. Nb3 axb4 16. axb4 Ra4 17. Nc5 Qe7 18. Rxa4 bxa4 19. Qxa4 Nb8 20. Ne5 Bxe5
21. dxe5 c6 22. e4 dxe4 23. Bxe4 Bxe4 24. Nxe4 g6 25. b5 cxb5 26. Nf6+ Kg7 27. Qh4 h6 28. Nh5+ gxh5 29. Qxe7 Nc6 30. Qf6+ Kh7
31. Re4
1-0

[Event "McNallian Offence"]
[Site "SchemingMind.com"]
[Date "2005.11.18"]
[Round "-"]
[White "attakmad"]
[Black "niallmcg"]
[Result "1-0"]
[WhiteCountry "IRL"]
[BlackCountry "IRL"]
[WhiteElo "1580"]
[WhiteRD "106"]
[BlackElo "1164"]
[BlackRD "111"]
[GameID "30657"]

1. Nf3 Nc6 2. g3 g6 3. Bg2 h5 4. d4 e6 5. e4 Nf6 6. Bg5 b5 7. e5 Be7 8. exf6 Bxf6 9. h4 Ba6 10. O-O e5
11. Re1 O-O 12. Nxe5 d6 13. Nxc6 Qd7 14. Bxf6 d5 15. Ne7+ Kh7 16. Nxd5 c6 17. Nf4 Qd6 18. Nxh5 Kh6 19. Bg7+ Kh7 20. Qd2 Kg8
21. Qh6 f6 22. Qxg6 Rf7 23. Nxf6+ Rxf6 24. Bxf6+ Kf8 25. Qg7#
1-0

[Event "McNallian Offence"]
[Site "SchemingMind.com"]
[Date "2005.11.18"]
[Round "-"]
[White "attakmad"]
[Black "simon_w"]
[Result "1-0"]
[WhiteCountry "IRL"]
[BlackCountry "IRL"]
[WhiteElo "1580"]
[WhiteRD "106"]
[BlackElo "1601"]
[BlackRD "96"]
[GameID "30658"]

1. d4 d5 2. g3 Nc6 3. Bg2 Nf6 4. Nc3 Bf5 5. a3 g6 6. Bg5 h6 7. Bxf6 exf6 8. Nxd5 Qd6 9. e4 Bg4 10. Qxg4 Nxd4
11. O-O-O Qc5 12. Nxf6+ Ke7 13. Qd7+ Kxf6 14. Qxd4+ Qxd4 15. Rxd4 Bc5 16. Rd2 Rhe8 17. Ne2 Bxf2 18. Rf1
1-0

[Event "McNallian Offence"]
[Site "SchemingMind.com"]
[Date "2005.11.18"]
[Round "-"]
[White "KaliYuga"]
[Black "attakmad"]
[Result "1/2-1/2"]
[WhiteCountry "IRL"]
[BlackCountry "IRL"]
[WhiteElo "1935"]
[WhiteRD "68"]
[BlackElo "1619"]
[BlackRD "95"]
[GameID "30659"]

1. d4 d5 2. c4 Nc6 3. Nf3 Nf6 4. Nc3 e6 5. a3 dxc4 6. Bg5 a6 7. e4 Be7 8. Bxf6 Bxf6 9. e5 Bg5 10. Bxc4 O-O
11. h4 Bh6 12. b4 b5 13. Bb3 f6 14. g4 fxe5 15. g5 Nxd4 16. Nxe5 Bb7 17. Bxe6+ Nxe6 18. Rg1 Bxg5 19. hxg5 Qd4 20. Qxd4 Nxd4
21. O-O-O Nf3 22. Nxf3 Rxf3 23. Rg3 Rxf2 24. Re3 Rf3 25. Rxf3 Bxf3 26. Rd3 Bh5 27. Nd5 Kf7 28. Nxc7 Rc8 29. Rd7+ Kg6 30. Kb2 Rf8
31. Rd6+ Kf5 32. Rxa6 Be2 33. Ne6 Rf7 34. Nd4+ Ke5 35. Nxe2 Rf2 36. Ra7 Rxe2+ 37. Kc3 Re3+ 38. Kd2 Rh3 39. Rxg7 Kd4 40. Ke2 Rxa3
41. Rxh7 Kc4 42. Rc7+ Kxb4 43. g6 Ra8 44. g7 Kb3 45. Rf7 Rg8 46. Kd3 b4 47. Kd4= Kb2 48. Ke5 b3 49. Kf6 Kc2 50. Rf8= Rxg7
51. Rc8+ Kb1=
1/2-1/2

[Event "McNallian Offence"]
[Site "SchemingMind.com"]
[Date "2005.11.18"]
[Round "-"]
[White "Scramble Suit"]
[Black "attakmad"]
[Result "1-0"]
[WhiteCountry "IRL"]
[BlackCountry "IRL"]
[WhiteElo "1522"]
[WhiteRD "88"]
[BlackElo "1596"]
[BlackRD "93"]
[GameID "30660"]

1. e4 e5 2. b3 d5 3. d3 d4 4. f4 Bd6 5. Nf3 exf4 6. e5 Qe7 7. Be2 Bb4+ 8. Nbd2 Nc6 9. O-O Nxe5 10. Nc4 Nxc4
11. bxc4 Bc3 12. Bxf4 Bxa1 13. Qxa1 c5 14. Re1 Be6 15. c3 dxc3 16. Qxc3 Qf6 17. Be5 Qxe5 18. Nxe5 Nf6 19. Qa5 O-O 20. Qxc5 b6
21. Qc6 Rac8 22. Qb7 Rfe8 23. Qxa7 Ra8 24. Qxb6 Rxa2 25. c5 Nd5 26. Qc6 Raa8 27. Bh5 Ne7 28. Qf3 g6 29. Bg4 Bxg4 30. Qxg4 Nc6
31. d4 f6 32. d5 Nxe5 33. Qh3 Ra2 34. Rc1 Rd2 35. d6 Nd3 36. d7 Rd8 37. Qe6+ Kf8 38. Qxf6+
1-0

[Event "McNallian Offence"]
[Site "SchemingMind.com"]
[Date "2006.01.17"]
[Round "-"]
[White "Quebec Libre"]
[Black "attakmad"]
[Result "0-1"]
[WhiteCountry "IRL"]
[BlackCountry "IRL"]
[WhiteElo "1301"]
[WhiteRD "97"]
[BlackElo "1596"]
[BlackRD "93"]
[GameID "30661"]

1. e4 e5 2. Nc3 Bc5 3. Nf3 Nf6 4. Bc4 d6 5. d3 Bg4 6. O-O c6 7. a3 O-O 8. b4 Bb6 9. Na4 Bxf3 10. Qxf3 Bc7
11. Be3 b5 12. Bxb5 cxb5 13. Nc3 a6 14. a4 bxa4 15. Nxa4 Nbd7 16. c4 Nb6 17. c5 Nxa4 18. Rxa4 dxc5 19. Bxc5 Bd6 20. Be3 Qd7
21. Ra3 Bxb4 22. Rb3 Qa4 23. Rbb1 a5 24. Qd1 Qxd1 25. Rfxd1 Rfb8 26. h3 a4 27. d4 Nxe4 28. Rbc1 Nc3 29. Rd3 Ne2+ 30. Kf1 Nxc1
0-1

[Event "McNallian Offence"]
[Site "SchemingMind.com"]
[Date "2005.11.18"]
[Round "-"]
[White "niallmcg"]
[Black "attakmad"]
[Result "0-1"]
[WhiteCountry "IRL"]
[BlackCountry "IRL"]
[WhiteElo "1164"]
[WhiteRD "111"]
[BlackElo "1580"]
[BlackRD "106"]
[GameID "30662"]

1. a3 d5 2. e3 e5 3. b4 Nf6 4. g3 Bf5 5. a4 Bxb4 6. c3 Bc5 7. d3 e4 8. c4 exd3 9. Bxd3 Bxd3 10. Qxd3 d4
11. Qf5 dxe3 12. fxe3 O-O 13. e4 Nxe4 14. Qxe4 Re8 15. Qe2 Rxe2+ 16. Nxe2 Qf6 17. Rf1 Qxa1 18. Nec3 Bb4 19. Bd2 Bxc3 20. Bxc3 Qxb1+
21. Ke2 Qc2+
0-1

[Event "McNallian Offence"]
[Site "SchemingMind.com"]
[Date "2005.11.18"]
[Round "-"]
[White "simon_w"]
[Black "attakmad"]
[Result "0-1"]
[WhiteCountry "IRL"]
[BlackCountry "IRL"]
[WhiteElo "1615"]
[WhiteRD "92"]
[BlackElo "1596"]
[BlackRD "93"]
[GameID "30663"]

1. e4 a6 2. Nc3 e5 3. Nf3 Nc6 4. a3 Bc5 5. Bc4 Nf6 6. d3 Ng4 7. O-O d6 8. Bxf7+ Kxf7 9. Ng5+ Ke8 10. h3 Nf6
11. Be3 Bxe3 12. fxe3 Qe7 13. Rf3 h6 14. Nd5 Nxd5 15. exd5 Qxg5 16. dxc6 Rf8 17. Rxf8+ Kxf8 18. Qf3+ Qf6 19. Qe4 Bf5 20. Qc4 b5
21. Qc3 Kg8 22. Rf1 Qg6 23. g4 Rf8 24. e4 Bc8 25. Qe1 Rxf1+ 26. Qxf1 Qf6 27. Qxf6 gxf6 28. Kg2 Be6 29. b3 Kg7 30. c4 bxc4
31. dxc4 a5 32. a4 Kg6 33. Kg3 h5 34. gxh5+ Kxh5 35. h4 Bg4 36. Kf2 Bd1 37. b4 axb4 38. a5 Ba4 39. Ke2 Bxc6 40. Kd3 b3
41. Kc3 Bxe4 42. a6 f5 43. Kxb3 f4 44. Kc3 c5 45. a7 f3 46. Kd2 Kxh4 47. Ke3 Ba8 48. Kf2 e4 49. Ke3 Kg3 50. Kd2 f2
51. Ke2 e3 52. Kf1 e2+ 53. Kxe2 Kg2 54. Ke3 f1=Q
0-1

[Event "McNallian Offence"]
[Site "SchemingMind.com"]
[Date "2006.01.13"]
[Round "-"]
[White "Michael_f"]
[Black "KaliYuga"]
[Result "0-1"]
[WhiteCountry "IRL"]
[BlackCountry "IRL"]
[WhiteElo "953"]
[WhiteRD "128"]
[BlackElo "1935"]
[BlackRD "68"]
[GameID "30665"]

1. Nf3 Nf6 2. d3 d5 3. e4 dxe4 4. Qe2 exf3 5. Qxf3 Bg4 6. Qg3 e6 7. h3 Bf5 8. Nc3 c5 9. b3 c4 10. bxc4 Bb4
11. Bd2 Nc6 12. Nd5 Bxd2+ 13. Kxd2 exd5 14. Qg5 Ne4+ 15. dxe4 Qxg5+ 16. f4 Qxf4+ 17. Ke1 Bxe4 18. g3 Qe3+ 19. Be2 Nd4 20. Rh2 Nf3+
21. Kf1 Qg1#
0-1

[Event "McNallian Offence"]
[Site "SchemingMind.com"]
[Date "2006.01.17"]
[Round "-"]
[White "Michael_f"]
[Black "Scramble Suit"]
[Result "0-1"]
[WhiteCountry "IRL"]
[BlackCountry "IRL"]
[WhiteElo "953"]
[WhiteRD "128"]
[BlackElo "1493"]
[BlackRD "86"]
[GameID "30666"]

1. Nf3 e5 2. c3 e4 3. Nd4 d5 4. f3 f5 5. d3 Nf6 6. Qa4+ Bd7 7. Qd1 Nc6 8. Nb5 a6 9. N5a3 Bd6 10. Nc2 Qe7
11. fxe4 fxe4 12. Ne3 Bc5 13. b4 Bxe3 14. Bxe3 Ng4 15. Bc1 O-O-O 16. dxe4 Qxe4 17. h3 Ne3 18. Nd2 Nc2+ 19. Kf2 Qe3#
0-1

[Event "McNallian Offence"]
[Site "SchemingMind.com"]
[Date "2006.01.17"]
[Round "-"]
[White "Michael_f"]
[Black "attakmad"]
[Result "0-1"]
[WhiteCountry "IRL"]
[BlackCountry "IRL"]
[WhiteElo "953"]
[WhiteRD "128"]
[BlackElo "1619"]
[BlackRD "95"]
[GameID "30667"]

1. Nc3 d5 2. d3 e6 3. e4 Bb4 4. a3 Bxc3+ 5. bxc3 dxe4 6. dxe4 Qxd1+ 7. Kxd1 Nf6 8. Bb5+ Bd7 9. Bf1 Ba4 10. Rb1 Nxe4
11. Rb4 Bc6 12. f3 Nf2+ 13. Ke2 Nxh1 14. Nh3 Na6 15. Rd4 O-O 16. g4 f5 17. Bg2 fxg4 18. Rxg4 Rf7 19. Ng5 Rf6 20. Kf1 Rd8
21. Be3 b6 22. Bxh1 Rd1+ 23. Kg2 h6 24. Ne4 Bxe4 25. Rxe4 Rg6+ 26. Rg4 Rxg4+ 27. fxg4 Re1 28. h4 Rxe3
0-1

[Event "McNallian Offence"]
[Site "SchemingMind.com"]
[Date "2006.01.17"]
[Round "-"]
[White "Michael_f"]
[Black "Quebec Libre"]
[Result "0-1"]
[WhiteCountry "IRL"]
[BlackCountry "IRL"]
[WhiteElo "953"]
[WhiteRD "128"]
[BlackElo "1276"]
[BlackRD "95"]
[GameID "30668"]

1. e4 e5 2. Bc4 Nf6 3. f3 Bc5 4. b4 Bxb4 5. c3 Bc5 6. d4 exd4 7. cxd4 Bb4+ 8. Ke2 d6 9. Bb5+ Bd7 10. Bd3 O-O
11. Qb3 c5 12. dxc5 dxc5 13. h4 Be6 14. Qd1 Qd4 15. Bb2 Qxb2+ 16. Kf1 Qxa1 17. Ne2 Bxa2 18. e5 Nd5 19. Kf2 Nc6 20. f4 c4
21. Bf5 Nde7 22. Bd3 cxd3 23. Qxd3 Rad8 24. Qh3 Bxb1
0-1